000 00627nam a2200205Ia 4500
005 20260121110029.0
008 008 260114s9999 xx 000 0 hin d
020 _a9788132358978
037 _aEBOOK
040 _aCRL
_bhin
_cCRL
041 _ahin
_2hin
084 _qCRL
100 _aसमीर दूबे / Sameer Dubey
_9941194
245 0 _aसूक्ष्म जैविकी / Sookshma Jaiviki
260 _bभाषा प्रकाशन / Bhasha Prakashan
_c2021
856 _uhttps://bhashaprakashan.com/product-details/382429
942 _cEBOOK
999 _c1532859
_d1532859